01406 a2200193 45000010006000000050017000060080041000230030015000640400040000790800140001192450133002590200022003922640096004143000019005105050466005291000021009957000020010168560176010362733020260407155549.0260407a2012 arg spa dAR-UNSa-BCEJYS aAR-UNSa-BCEJYSbspacAR-UNSa-BCEJYS a338.2(8)xPolítica económica. Control de la economía. gestión de la economía. planificación económica en América Latina10aLos fundamentos de la planificación del desarrollo en América Latina y el Caribeptextos seleccionados del ILPES (1962-1972) a978-92-1-221103-9 1aSantiago de Chile :bCEPAL (Comisión Económica para América Latina y el Caribe)c2012 a190 p.c22 cm. a1. Progresos en materia de planificación en América Latina - 2. Evolución y orientaciones del Instituto Latinoamericano de Planifiación Económica y Social - 3. Discusiones sobre planificación - 4. Reflexiones en torno a los problemas actuales de la planificación en América Latina - 5. Las reformas presupuestarias para la planificación en América Latina - 6. Evolución y perspectivas de los procesos de planificación en América Latina1 aMartner, Ricardo1 aMáttar, Jorge41uhttps://biblioeco.unsa.edu.ar/pmb/images/libros/Los fundamentos de la planificaci?n del desarrollo en Am?rica Latina y el Caribe-l119726.jpgyImagen de portadaqimage/jpeg